| 000 | 00570nam a2200217 a 4500 | ||
|---|---|---|---|
| 001 | BRCA_4221 | ||
| 005 | 20190320204605.0 | ||
| 008 | 090610s1974----nyu#######---#000-0#eng-# | ||
| 020 | _a0070022917 | ||
| 041 | _aeng | ||
| 044 | _anyu | ||
| 050 | 4 |
_aP53501 _b.A76 1974 |
|
| 100 | 1 |
_aArmour, Richard _d1906- _910883 |
|
| 245 | 1 | 0 |
_aGoing Like Sixty _ba Lighthearted Look at the Later Years _cRichard Armour. |
| 260 |
_aNueva York _bMcGraw-Hill _c1974 |
||
| 300 |
_a133 p. _c21 cm. |
||
| 500 | _aAM30 | ||
| 650 | 1 | 4 |
_aEdad madura _910884 |
| 902 | _aGFM | ||
| 942 |
_2lcc _cB |
||
| 999 |
_c3932 _d3932 |
||